MDQL
is popping MORE tags! Check the
thread
!
Quizzes
Events
Quiz Creation
Community
Videos
Private Events
Remove Ads
Sign In
Join for FREE
Feedback
Dark Mode
Quiz Categories
Sports
Geography
Music
Movies
Television
Just For Fun
Miscellaneous
History
Literature
Language
Science
Gaming
Entertainment
Religion
Holiday
For Kids
Quiz Lab
Recent
Popular Today
Quiz Kudos Today
Editor Picks
Curator Picks
Quizzes by...
Day
Popularity
Type
Ratings
Length
Year
Community
Subscriptions
Recent Discussions
Orange Saloon
Badges
Playlists
Quests
Create
Leaderboards
Showdown
Live 5
Trivia Bingo
Activity
Puzzle Library
Sporcle Events
Private Events
Virtual Trivia
Globe League
Become a Host
Pub Owners
SporcleCon
Opinionation
Our Games
Videos
Blog
Mobile Apps
Partnerships
Remove Ads and Go Orange
Feedback
Entertainment
Celebrity
Famous
Musical
Broadway
Show
Quote
Comic Books
Anime
Superhero
DC Comics
Marvel
Cartoons
Animation
Entertainment
Celebrity
Famous
Musical
Broadway
Show
Quote
Comic Books
Anime
Superhero
DC Comics
Marvel
Cartoons
Animation
Random Quiz
Search Sporcle
×
Quiz Lab
Quiz Lab
Entertainment
Musical
Type in answers that appear in a list
Type in answers that appear in a list
Classic
Best Score? Go Orange.
Les Mis Full Musical Part 1. Stats
I am going by the symphonic recording from 2004, so use that for words and phrases.
By
bwaystarkid821
20m
299 Questions
35 Plays
35 Plays
35 Plays
Comments
Comments
Give Quiz Kudos
Give Quiz Kudos
-
- Ratings
hide this ad
Replay
Link that replays current quiz
Next Quiz
Link to next quiz in quiz playlist
You Got
0%
They Got
Avg Score
77%
Avg Friend Score
Upgrade to see
Score Distribution
Jump to the score distribution portion of the page
Score
0/299
Timer
20:00
0
Plays Today
Lyrics
% Correct
the
97.1%
The
97.1%
the
97.1%
a
97.1%
and
97.1%
a
97.1%
a
97.1%
a
97.1%
a
97.1%
and
97.1%
the
97.1%
the
97.1%
the
97.1%
a
97.1%
the
97.1%
the
97.1%
and
97.1%
a
97.1%
the
97.1%
and
97.1%
the
97.1%
the
97.1%
the
97.1%
the
97.1%
the
97.1%
the
97.1%
you
94.3%
I
94.3%
I
94.3%
you
94.3%
I
94.3%
you
94.3%
you
94.3%
you
94.3%
you
94.3%
you
94.3%
I
94.3%
you
94.3%
I
94.3%
you
94.3%
you
94.3%
I
94.3%
you
94.3%
you
94.3%
I
94.3%
I
94.3%
hear
91.4%
do
91.4%
do
91.4%
your
85.7%
your
85.7%
your
85.7%
your
85.7%
we
85.7%
your
85.7%
don't
82.9%
in
82.9%
die
82.9%
is
82.9%
me
82.9%
don't
82.9%
in
82.9%
me
82.9%
die?
82.9%
in
82.9%
me
82.9%
is
82.9%
of
82.9%
of
82.9%
of
82.9%
of
82.9%
of
82.9%
is
82.9%
am
82.9%
me
82.9%
in
82.9%
is
82.9%
is
82.9%
is
82.9%
look
80%
look
80%
down
80%
down
80%
look
80%
'em
80%
eye
80%
look
80%
down
80%
look
80%
down
80%
here
80%
until
80%
Look
80%
down
80%
look
80%
down
80%
to
80%
no
80%
my
80%
Look
80%
Lyrics
% Correct
down
80%
look
80%
down
80%
know
80%
know
80%
that
80%
be
80%
Look
80%
down
80%
Look
80%
down
80%
here
80%
for
80%
Look
80%
down
80%
look
80%
down
80%
look
80%
'em
80%
eye
80%
Look
80%
down
80%
look
80%
down
80%
always
80%
be
80%
look
80%
down
80%
look
80%
down
80%
bring
80%
know
80%
what
80%
that
80%
it
80%
No
80%
it
80%
are
80%
my
80%
to
80%
will
80%
law
80%
know
80%
law
80%
for
80%
what
80%
did
80%
because
80%
to
80%
run
80%
my
80%
name
80%
not
80%
my
80%
name
80%
not
80%
look
80%
down
80%
look
80%
down
80%
always
80%
be
80%
look
80%
down
80%
look
80%
down
80%
for
80%
what
80%
you're
77.1%
years
77.1%
go
77.1%
When
77.1%
get
77.1%
free
77.1%
you'll
77.1%
slave
77.1%
you're
77.1%
standing
77.1%
grave
77.1%
Now
77.1%
prisoner
77.1%
24601
77.1%
time
77.1%
up
77.1%
parole's
77.1%
begun
77.1%
means
77.1%
yes
77.1%
means
77.1%
I'm
77.1%
free
77.1%
means
77.1%
get
77.1%
was
77.1%
close
77.1%
were
77.1%
again
77.1%
years
77.1%
slave
77.1%
five
77.1%
Lyrics
% Correct
years
77.1%
rest
77.1%
tried
77.1%
yes
77.1%
24601
77.1%
Val-Jean
77.1%
forget
77.1%
forget
77.1%
24601
77.1%
you'll
77.1%
slave
77.1%
you're
77.1%
standing
77.1%
grave
77.1%
again
77.1%
forget
77.1%
years
77.1%
prayer
74.3%
see
74.3%
let
74.3%
ticket
74.3%
leave
74.3%
stole
74.3%
loaf
74.3%
bread
74.3%
sister's
74.3%
child
74.3%
death
74.3%
starving
74.3%
starve
74.3%
unless
74.3%
learn
74.3%
meaning
74.3%
meaning
74.3%
Jean
74.3%
them
74.3%
it's
71.4%
as
71.4%
hell
71.4%
they've
71.4%
all
71.4%
won't
71.4%
lord
71.4%
broke
71.4%
lord
71.4%
they've
71.4%
sun
68.6%
hot
68.6%
I've
68.6%
done
68.6%
wrong
68.6%
sweet
68.6%
Jesus
68.6%
sweet
68.6%
Jesus
68.6%
doesn't
68.6%
care
68.6%
she'll
68.6%
wait
68.6%
she'll
68.6%
true
68.6%
forgotten
68.6%
dust
68.6%
How
68.6%
oh
68.6%
yellow
68.6%
robbed
68.6%
house
68.6%
window
68.6%
pane
68.6%
how
68.6%
done
68.6%
below
65.7%
there's
65.7%
twenty
65.7%
strong
62.9%
long
62.9%
before
62.9%
those
62.9%
thief
60%
Javert
57.1%
forgive
54.3%
Freedom
51.4%
Never
51.4%
mine
45.7%
waste
45.7%
still
37.1%
taste
34.3%
ninteen
31.4%
earth
31.4%
breathe
31.4%
from
28.6%
Drink
25.7%
pool
25.7%
clean
22.9%
world
20%
sky
17.1%
waking
17.1%
clears
14.3%
Quiz Playlist
Details
Report
Send in Message
Add To Playlist
Classic:
Type in answers that appear in a list
Last Updated: Feb 16, 2017
Quiz Scoreboard
CHALLENGE
Sign Up to Join the Scoreboard
Show All
Scores
Hide
Comments
May contain spoilers
Recently Published
Image Sorting: Flags VI
by Barbecue
Geography
2m
Find the 'City' Movie
by crazypaving
Movies
60s
Colored Red Africa Blitz
by spor1
Geography
45s
More to Explore
Quiz From the Vault
Featured Blog Post
14 Easter Pick-up Lines to Find Eggs With
hide this ad
You Might Also Like...
Tags
Musical Quiz
2004
full
les
mis
phrase
Recording
Symphonic
Today's Top Quizzes in Entertainment
Browse Entertainment
hide this ad
Today's Top Quizzes in Musical
Browse Musical
Top Contributed Quizzes in Entertainment
1
Marvel Classic Character Map
2
Dragon Ball Z: Goku's Fights in Order
3
Marvel Characters Bunker
4
JoJo's Bizarre Logic Quiz
5
This is Your Life: Edward Elric
6
Celebrity Spelling Bee
7
This is Your Life: Itachi Uchiha
8
BOYS PLANET Quiz
9
Sorting Pictures: Villains
10
One Piece Heroines Chapter Cover
Explore More
Trending Topics
Kpop
Crossword
Disney
Anime
Marvel
NBA
Harry Potter
WWE
Puzzle
Pokémon
NFL
Song
Country
The Office
Soccer
hide this ad
More By:
bwaystarkid821
Quiz
Plays
Rating
Category
Featured
Created
Les Mis Full Musical Part 1.
35
Entertainment
Aug 14, 2016
Go to Creator's Profile
Score Distribution
Quiz Creator Spotlight
bwaystarkid821
Follow
Send a Message
Quizzes Created
-
Created Quiz Play Count
-
More By This Creator
Popular Quizzes Today
1
Colored Red Africa Blitz
2
Find the US States - No Outlines Minefield
3
Find the 'City' Movie
4
5x2 Blitz: Bands
5
The Countries of the World
6
Find the US States
7
Find the Countries of Europe - No Outlines Minefield
8
US States
More Entertainment Quizzes
The Dark Age - 50 DC Heroes
Quiz Lab
Trending Quizzes
Colored Red Europe Blitz I
Colored Red Europe Blitz II
Colored Red Africa Blitz II
Colored Red Europe Blitz III
Colored Red Africa Blitz III
Recently Updated
How Do You Spell That?
pecheneg
Godzilla Movies
pecheneg
Grab Bag: 4-10 Letters
pecheneg
2024 March Madness Bracket
pecheneg
Famous TV Couples
Peacemaker
Champions League XIs: Real Madrid
pecheneg
Largest US Cities 1790-2010
pecheneg
Rides in Walt Disney World
pecheneg
Most Oscar Losses (Acting)
pecheneg
Beyoncé Albums
pecheneg
Trending Topics
Harry Potter
Disney
Anime
Crossword
Kpop
NBA
Marvel
WWE
Country
Song
Soccer
NFL
The Office
Pokémon
Puzzle
Your Account Isn't Verified!
In order to create a playlist on Sporcle, you need to verify the email address you used during registration. Go to your
Sporcle Settings
to finish the process.
Report this User
Report this user for behavior that violates our
Community Guidelines
.
Details:
Send Report
Go to the Sporcle.com Mobile Site →
Comments